| 000 | 01779nam a2200493 i 4500 | ||
|---|---|---|---|
| 001 | 49706 | ||
| 003 | KOSZ 005 | ||
| 005 | 20220510140939.0 | ||
| 008 | 970510s1993 pl |000 0 pol | ||
| 015 | _aUWD 1994/1236 | ||
| 035 | _a991000376189705066 | ||
| 035 | _a(PL-WaBN)b10143932-48omnis_nlop | ||
| 035 | _ab10143932 | ||
| 035 | _a(OCoLC)749871907 | ||
| 035 | _a(PL)b0000001014393 | ||
| 035 | _a(EXLNZ-48OMNIS_NETWORK)9910027565405606 | ||
| 040 |
_aWA N _cWA N _dKOSZ 005/HR |
||
| 041 | 1 |
_apol _heng _hfre _hita |
|
| 046 | _k1993 | ||
| 080 | _a027.625 | ||
| 080 | _a028.5 | ||
| 245 | 0 | 0 |
_aDziecko, książka, biblioteka / _c[dobór tekstów i konsultacja merytoryczna Grażyna Lewandowicz]. |
| 260 |
_aWarszawa : _bBN, _c1993. |
||
| 300 |
_a78, [3] s. ; _c21 cm. |
||
| 336 |
_aTekst _btxt _2rdacontent |
||
| 337 |
_aBez urządzenia pośredniczącego _bn _2rdamedia |
||
| 338 |
_aWolumin _bnc _2rdacarrier |
||
| 380 | _aKsiążki | ||
| 388 | _a1901-2000 | ||
| 388 | _a1989-2000 | ||
| 490 | 1 |
_aZeszyty Przekładów / Biblioteka Narodowa. Instytut Książki i Czytelnictwa, _x0507-8911 ; _v53 |
|
| 500 | _aTekst tł. z ang., fr., wł. | ||
| 504 | _aBibliogr. s. 77-[79]. | ||
| 650 | 7 |
_aBiblioteki dla dzieci i młodzieży _2DBN |
|
| 650 | 7 |
_aBiblioteki publiczne _2DBN |
|
| 650 | 7 |
_aCzytelnictwo dzieci _2DBN |
|
| 658 | _aBibliotekarstwo, archiwistyka, muzealnictwo | ||
| 700 | 1 |
_aLewandowicz-Nosal, Grażyna _d(1963- ) _eWybór |
|
| 710 | 2 |
_aBiblioteka Narodowa (Polska) _4pbl |
|
| 830 | 0 |
_aZeszyty Przekładów - Biblioteka Narodowa _vnr 53 |
|
| 856 |
_uhttp://koha.tu.koszalin.pl/cgi-bin/koha/opac-detail.pl?biblionumber=49706 _yKatalog online BPK |
||
| 942 |
_2UKD _cKS |
||
| 999 |
_c49706 _d49706 |
||